| 000 | 00509 a2200217 4500 | ||
|---|---|---|---|
| 020 | _a0-471-54804-9 | ||
| 040 |
_aLibrary of Congress _bEnglish |
||
| 082 | _a530 | ||
| 082 | _a530 | ||
| 082 | _a530 | ||
| 100 | 1 | _aResnick, Robert, | |
| 245 | 0 | 0 |
_aPhysics _nVol. 2 |
| 250 | _a4th | ||
| 260 |
_aNew York : _bWiley, _cCop. 1992 |
||
| 300 | _axi, s. 593-1216,[42] | ||
| 650 | 7 | _aPhysics | |
| 650 | 7 | _aPhysics | |
| 700 | 1 |
_aHalliday, David, _d1916- |
|
| 700 | 1 | _aKrane, Kenneth S. | |
| 942 |
_cBK _k530 RES _2ddc |
||
| 999 |
_c4451 _d4451 |
||